000 00665nam a2200193Ia 4500
003 GCL
008 140319s9999 xx 000 0 ara d
020 _a326114977
040 _aGCL /
_cGCL
082 0 4 _a335.343
_bج ح
100 1 _aجمال محمد غيطاس
245 1 0 _aالحرب وتكنولوجيا المعلومات /
_cجمال محمد غيطاس
260 _aالقاهرة :
_bنهضة مصر للطباعة والنشر والتوزيع ،
_c2005
300 _a270 ص ؛
_c16 سم
650 0 4 _aاحتلال العراق
650 0 4 _aالمعلومات - حروب
650 0 4 _aنظم المعلومات العسكرية
942 _2ddc
_cBK
999 _c8701
_d8701